| 000 | 00546nam a2200181 4500 | ||
|---|---|---|---|
| 008 | 0 1997 0a 000 0MEX | ||
| 020 | _a968-422-560-1 | ||
| 050 | _aHB171.5 C626 1997 | ||
| 082 | _a330 C216e | ||
| 100 | _aClement, Norris C. | ||
| 245 | _aEconomía : Enfoque América Latina / Norris C. Clement | ||
| 250 | _a4 | ||
| 260 | _aMéxico : McGrawHill. | ||
| 300 | _a496 p. / 23cm | ||
| 500 | _aIncluye índice y glosario. | ||
| 650 | _a1.ECONOMÍA. | ||
| 700 | _aCharles Pool, John, Coaut. \ Rodrígues Garcia, Mauro, Rev. | ||
| 999 |
_c15020 _d15020 |
||